| 000 | 00556nam a2200169 a 4500 | ||
|---|---|---|---|
| 001 | 000038675 | ||
| 003 | OSt | ||
| 005 | 20201006083327.0 | ||
| 008 | 130417s1987 dr 000 0 spa d | ||
| 040 |
_aDO-SdBNP _bspa _cBNPHU |
||
| 245 | 0 | 4 |
_aLos bancos hipotecarios de la construcción : _bbase legal y normas operativas en la República Dominicana. |
| 260 |
_aSanto Domingo : _bCentro de Estudios Monetarios y Bancarios, _c1987. |
||
| 300 |
_a105 p. ; _c22 cm. |
||
| 590 | _aInventariado, 2020 / DG | ||
| 910 | _aInventariado, 2020 / DG | ||
| 942 |
_2ddc _cLF1 |
||
| 999 |
_c38165 _d38165 |
||